000 00971cab a2200241 4500
001 ABS60689
008 090401t1999 xxu||||| |||| 00| 0 eng d
035 _a(Sirsi) u93708
041 _aeng
100 _aMurdoch, J.
245 _aTrespass at your peril
260 _c1999
350 _a0
490 _aEstates Gazette
_v(9921) 29 May 1999, 136(1)
520 _aOutlines the main points of the law of trespass as demonstrated by buildings erected in such a way as to cause trespass; with reference to cases: Harrow LBC v Donohue [1999] 1 EGLR 257 an example of trespass by a garage; a test for granting injunctions is shown in Jaggard v Sawyer [1995] 1 EGLR 146; and trespass by using a wall to support an extension, in Daniells v Mendonca [1999] PLSCS 94.
650 _aBoundary disputes
_96221
650 _aINJUNCTIONS
650 _aParty walls
_96258
650 _aTRESPASS
690 _aPROPERTY LAW AND PRACTICE
942 _n0
948 _c02/06/1999
999 _c59400
_d59400